Science fiction adventures in dimension /

Saved in:
Bibliographic Details
Other Authors: Conklin, Groff, 1904-1968
Format: Book
Language:English
Published: New York : Berkley Medallion Book, 1965, c1953.
Subjects:
LEADER 00904nam a2200229 a 4500
001 c000087436
003 CARM
005 00000000000000.0
008 921120c19651953nyu 00011 eng d
019 1 |a 9579712  |5 LACONCORD2021 
035 |a (OCoLC)221123280  |5 LACONCORD2021 
040 |a VLINC  |c VLINC 
245 0 0 |a Science fiction adventures in dimension /  |c edited by Groff Conklin. 
260 |a New York :  |b Berkley Medallion Book,  |c 1965, c1953. 
300 |a 174 p. ; 18 cm. 
505 2 |a Includes stories by Theodore Sturgeon, William L. Bade, Murray Leinster etc. 
650 0 |a Science fiction. 
700 1 |a Conklin, Groff,  |d 1904-1968. 
852 8 |b CARM  |h A2:AG35G0  |i A01411  |p 0128407  |f BK 
082 0 4 |a 808.838762  |2 20 
999 f f |i 221dd183-fd0c-5320-a458-c585848c16f9  |s e9f4a9ad-8b5d-5095-b004-9b0d670f68dc 
952 f f |p Can circulate  |a CAVAL  |b CAVAL  |c CAVAL  |d CARM 1 Store  |e A01411  |f A2:AG35G0  |h Other scheme  |i book  |m 0128407